The Why Axis Hidden Motives and the Undiscovered Economics of Everyday Life

Guardado en:
Detalles Bibliográficos
Autor principal: Gneezy, Uri
Otros Autores: List, John A.
Formato: Libro
Lenguaje:inglés
Publicado: London Random House Books 2015
Materias:
Etiquetas: Agregar Etiqueta
Sin Etiquetas, Sea el primero en etiquetar este registro!

MARC

LEADER 00000nam a2200000 4500
001 0259590
005 20240312120040.9
020 |a 978-1-847-94675-1 
041 0 |a eng 
044 |a GB 
245 1 0 |a The Why Axis  |b Hidden Motives and the Undiscovered Economics of Everyday Life  |c Uri Gneezy and John A. List 
264 1 |a London  |b Random House Books  |c 2015 
300 |a 267 s. 
610 2 0 |a spoločnosť 
610 2 0 |a štýl životný 
610 2 0 |a myslenie ekonomické 
610 2 0 |a ekonómia behaviorálna 
610 2 0 |a rozhodovanie 
610 2 0 |a motivácia 
100 1 |a Gneezy, Uri 
700 1 |a List, John A.